000 00608nam a2200181 i 4500
001 63003
003 ES-MaACL
005 20230906164750.0
007 t|
008 031127s1973 xxu ||||1| spa d
100 1 _aFernández de la Vega, Oscar.
_949680
245 1 0 _aIniciación a la poesía afroamericana /
_cOscar Fernández de la Vega y Alberto N. Pamies ; bibliografía de Alberto Herrera Pamies.
260 _aMiami :
_bUniversal,
_c[1973]
300 _a213 p. ;
_c21 cm.
700 1 _aPamies, Alberto N.
_988727
700 1 _aHerrera Pamies, Alberto.
_963234
852 _aES-MaACL
_jC-56010
_bR.88640
999 _c63003
_d63003